| 000 | 00887nam a2200265 a 4500 | ||
|---|---|---|---|
| 001 | BRCA_5231 | ||
| 005 | 20190320205009.0 | ||
| 008 | 291110s1961----u--a######---#000-0#eng-# | ||
| 020 | _a051750636X | ||
| 041 | _aeng | ||
| 044 | _au | ||
| 050 | 4 |
_aNK7112 _b.K68 1961 |
|
| 100 | 1 |
_aKovel, Ralph M. _913396 |
|
| 245 | 1 | 0 |
_aA Directory of American Silver, Pewter and Silver Plate _cby Ralph M. and Terry H. Kovel. |
| 260 |
_aEstados Unidos _bCrown _cc1961 |
||
| 300 |
_a352 p. _bil. _c26 cm. |
||
| 500 | _aIncluye índice de las iniciales utilizadas como marcas por fabricantes de plata | ||
| 500 | _aDonación Dr. Héctor Rivero Borrell Vázquez | ||
| 504 | _aBibliografía: p. [345]-347 | ||
| 650 | 1 | 4 |
_aPlateros _vDirectorios _zEstados Unidos _913397 |
| 650 | 1 | 4 |
_aEstaño _vDirectorios _zEstados Unidos _913398 |
| 700 | 1 |
_aKovel, Terry H. _913399 |
|
| 902 | _aDHR | ||
| 942 |
_2lcc _cB |
||
| 999 |
_c4925 _d4925 |
||